Our political crisis (notice n° 1613939)

détails MARC
000 -LEADER
fixed length control field 01074cam a2200229 4500500
005 - DATE AND TIME OF LATEST TRANSACTION
control field 20260111054057.0
041 ## - LANGUAGE CODE
Language code of text/sound track or separate title fre
042 ## - AUTHENTICATION CODE
Authentication code dc
100 10 - MAIN ENTRY--PERSONAL NAME
Personal name Martigny, Vincent
Relator term author
245 00 - TITLE STATEMENT
Title Our political crisis
260 ## - PUBLICATION, DISTRIBUTION, ETC.
Date of publication, distribution, etc. 2025.<br/>
500 ## - GENERAL NOTE
General note 55
520 ## - SUMMARY, ETC.
Summary, etc. While the Fifth Republic has experienced many turbulent periods, the current situation, rooted in profound economic and social upheavals, is further discrediting the political class in the eyes of the French people, reinforcing democratic fatigue. This survey of some of the magazine’s friends aims to shed light on the political crisis triggered by the dissolution of June 2024.
700 10 - ADDED ENTRY--PERSONAL NAME
Personal name Monod, Jean-Claude
Relator term author
700 10 - ADDED ENTRY--PERSONAL NAME
Personal name Perret, Bernard
Relator term author
700 10 - ADDED ENTRY--PERSONAL NAME
Personal name Pranchère, Jean-Yves
Relator term author
700 10 - ADDED ENTRY--PERSONAL NAME
Personal name Schmid, Lucile
Relator term author
700 10 - ADDED ENTRY--PERSONAL NAME
Personal name Dujin, Anne
Relator term author
700 10 - ADDED ENTRY--PERSONAL NAME
Personal name Chalier, Jonathan
Relator term author
786 0# - DATA SOURCE ENTRY
Note Esprit | Décembre | 12 | 2025-12-09 | p. 73-84 | 0014-0759
856 41 - ELECTRONIC LOCATION AND ACCESS
Uniform Resource Identifier <a href="https://shs.cairn.info/journal-esprit-2025-12-page-73?lang=en&redirect-ssocas=7080">https://shs.cairn.info/journal-esprit-2025-12-page-73?lang=en&redirect-ssocas=7080</a>

Pas d'exemplaire disponible.

PLUDOC

PLUDOC est la plateforme unique et centralisée de gestion des bibliothèques physiques et numériques de Guinée administré par le CEDUST. Elle est la plus grande base de données de ressources documentaires pour les Étudiants, Enseignants chercheurs et Chercheurs de Guinée.

Adresse

627 919 101/664 919 101

25 boulevard du commerce
Kaloum, Conakry, Guinée

Réseaux sociaux

Powered by Netsen Group @ 2025